Business & professional ethics for directors, executives, & accountants / (Record no. 16442)

MARC details
000 -LEADER
fixed length control field 01590cam a22003854a 4500
001 - CONTROL NUMBER
control field 13216943
003 - CONTROL NUMBER IDENTIFIER
control field mut
005 - DATE AND TIME OF LATEST TRANSACTION
control field 20240606081356.0
008 - FIXED-LENGTH DATA ELEMENTS--GENERAL INFORMATION
fixed length control field 030529s2004 ohua b 000 0 eng
010 ## - LIBRARY OF CONGRESS CONTROL NUMBER
LC control number 2003107630
020 ## - INTERNATIONAL STANDARD BOOK NUMBER
International Standard Book Number 0324200668
035 ## - SYSTEM CONTROL NUMBER
System control number (DLC) 2003107630
040 ## - CATALOGING SOURCE
Original cataloging agency DLC
Transcribing agency mut
Modifying agency DLC
042 ## - AUTHENTICATION CODE
Authentication code pcc
050 00 - LIBRARY OF CONGRESS CALL NUMBER
Classification number HF5657
Item number .B74 2004
082 00 - DEWEY DECIMAL CLASSIFICATION NUMBER
Classification number 174/.9657
Edition information 22
100 1# - MAIN ENTRY--PERSONAL NAME
Personal name Brooks, Leonard J.
245 10 - TITLE STATEMENT
Title Business & professional ethics for directors, executives, & accountants /
246 3# - VARYING FORM OF TITLE
Title proper/short title Business and professional ethics for directors, executives, and accountants
250 ## - EDITION STATEMENT
Edition statement 3rd ed.
260 ## - PUBLICATION, DISTRIBUTION, ETC.
Place of publication, distribution, etc. Mason, Ohio :
Name of publisher, distributor, etc. Thomson/South-Western,
Date of publication, distribution, etc. c2004.
300 ## - PHYSICAL DESCRIPTION
Extent xxv, 417 p. :
Other physical details ill. ;
Dimensions 26 cm.
500 ## - GENERAL NOTE
General note Rev ed. of: Business and professional ethics for accountants. 2nd ed. 2000.
504 ## - BIBLIOGRAPHY, ETC. NOTE
Bibliography, etc. note Includes bibliographical references.
650 #0 - SUBJECT ADDED ENTRY--TOPICAL TERM
Topical term or geographic name entry element Accountants
General subdivision Professional ethics.
650 #0 - SUBJECT ADDED ENTRY--TOPICAL TERM
Topical term or geographic name entry element Executives
General subdivision Professional ethics.
650 #0 - SUBJECT ADDED ENTRY--TOPICAL TERM
Topical term or geographic name entry element Accounting
General subdivision Moral and ethical aspects.
650 #0 - SUBJECT ADDED ENTRY--TOPICAL TERM
Topical term or geographic name entry element Business ethics.
700 1# - ADDED ENTRY--PERSONAL NAME
Personal name Brooks, Leonard J.
Title of a work Business and professional ethics for accountants.
856 42 - ELECTRONIC LOCATION AND ACCESS
Materials specified Contributor biographical information
Uniform Resource Identifier <a href="http://www.loc.gov/catdir/enhancements/fy1514/2003107630-b.html">http://www.loc.gov/catdir/enhancements/fy1514/2003107630-b.html</a>
856 42 - ELECTRONIC LOCATION AND ACCESS
Materials specified Publisher description
Uniform Resource Identifier <a href="http://www.loc.gov/catdir/enhancements/fy1514/2003107630-d.html">http://www.loc.gov/catdir/enhancements/fy1514/2003107630-d.html</a>
906 ## - LOCAL DATA ELEMENT F, LDF (RLIN)
a 7
b cbc
c orignew
d 2
e epcn
f 20
g y-gencatlg
942 ## - ADDED ENTRY ELEMENTS (KOHA)
Source of classification or shelving scheme Library of Congress Classification
Koha item type Books
Holdings
Withdrawn status Lost status Source of classification or shelving scheme Damaged status Not for loan Home library Current library Shelving location Date acquired Source of acquisition Total checkouts Full call number Barcode Date last seen Price effective from Koha item type
    Library of Congress Classification     Murang'a University of Technology Library Murang'a University of Technology Library General stacks 27/03/2018 Donation-TFC   HF5657 .B74 2004 017816 30/08/2024 27/03/2018 Books